TRIGNOMETRY (Record no. 1213)
[ view plain ]
| 000 -LEADER | |
|---|---|
| fixed length control field | 00290nam a22001337a 4500 |
| 020 ## - INTERNATIONAL STANDARD BOOK NUMBER | |
| ISBN | 81-88222-16-X |
| 082 ## - DEWEY DECIMAL CLASSIFICATION NUMBER | |
| Classification number | 510 |
| Item number | AGA/T |
| 100 ## - MAIN ENTRY--AUTHOR NAME | |
| Personal name | AGARWAL, AMIT M |
| 245 ## - TITLE STATEMENT | |
| Title | TRIGNOMETRY |
| 260 ## - PUBLICATION, DISTRIBUTION, ETC. (IMPRINT) | |
| Place of publication | MEERUT |
| Name of publisher | ARIHANT PRAKASHAN |
| 300 ## - PHYSICAL DESCRIPTION | |
| Number of Pages | 337 |
| 650 ## - SUBJECT ADDED ENTRY--TOPICAL TERM | |
| Topical Term | MATHS REFERENCE |
| Geographic subdivision | INDIA |
| 942 ## - ADDED ENTRY ELEMENTS (KOHA) | |
| Koha item type | Books |
| Withdrawn status | Lost status | Collection code | Home library | Current library | Shelving location | Date acquired | Source of acquisition | Cost, normal purchase price | Full call number | Accession Number | Koha item type |
|---|---|---|---|---|---|---|---|---|---|---|---|
| Reference | Main Library | Main Library | SHELF-5 A REFERENCE MATHS | 23/10/2006 | purchase | 140.00 | 510 AGA/T | 03331 | Books | ||
| Reference | Main Library | Main Library | SHELF-5 A REFERENCE MATHS | 10/03/2006 | purchase | 140.00 | 510 AGA/T | 02271 | Books |